Pourquoi les riches sont-ils de plus en plus riches et les pauvres de plus en plus pauvres ? / (Record no. 6750)
[ view plain ]
| 000 -LEADER | |
|---|---|
| fixed length control field | 00982nam a22002057a 4500 |
| 001 - CONTROL NUMBER | |
| control field | 6750 |
| 003 - CONTROL NUMBER IDENTIFIER | |
| control field | FISKH |
| 005 - DATE AND TIME OF LATEST TRANSACTION | |
| control field | 20250526100538.0 |
| 008 - FIXED-LENGTH DATA ELEMENTS--GENERAL INFORMATION | |
| fixed length control field | 250523b cb ||||| |||| 00| 0 eng d |
| 020 ## - INTERNATIONAL STANDARD BOOK NUMBER | |
| International Standard Book Number | 9782360120475 |
| 040 ## - CATALOGING SOURCE | |
| Original cataloging agency | FISKH |
| Language of cataloging | French |
| Transcribing agency | FISKH |
| Modifying agency | FISKH |
| 100 ## - MAIN ENTRY--PERSONAL NAME | |
| Personal name | Pinçon-Charlot, Monique |
| 245 ## - TITLE STATEMENT | |
| Title | Pourquoi les riches sont-ils de plus en plus riches et les pauvres de plus en plus pauvres ? / |
| Statement of responsibility, etc. | by Monique Pinçon-Charlot & Michel Pinçon |
| 260 ## - PUBLICATION, DISTRIBUTION, ETC. | |
| Place of publication, distribution, etc. | Montreuil : |
| Name of publisher, distributor, etc. | La Ville brûle , |
| Date of publication, distribution, etc. | 2014. |
| 300 ## - PHYSICAL DESCRIPTION | |
| Extent | 63 pages : |
| Other physical details | color illustrations ; |
| Dimensions | 21 cm . |
| 520 ## - SUMMARY, ETC. | |
| Summary, etc. | La pauvreté et les inégalités n'ont rien de naturel. Dans ce livre, nous allons t'expliquer ce qui se cache derrière les rapports entre les riches et les pauvres, pour que tu puisses voir le monde tel qu'il est. Car ce monde injuste, c'est à toi qu'il appartiendra un jour de le changer pour le rendre meilleur.<br/> |
| 650 ## - SUBJECT ADDED ENTRY--TOPICAL TERM | |
| Topical term or geographic name entry element | capitalism |
| Form subdivision | Fiction |
| 942 ## - ADDED ENTRY ELEMENTS (KOHA) | |
| Source of classification or shelving scheme | Dewey Decimal Classification |
| Koha item type | Books |
| Suppress in OPAC | No |
| Withdrawn status | Lost status | Source of classification or shelving scheme | Damaged status | Not for loan | Collection | Home library | Current library | Shelving location | Date acquired | Total Checkouts | Full call number | Barcode | Date last seen | Price effective from | Koha item type |
|---|---|---|---|---|---|---|---|---|---|---|---|---|---|---|---|
| Dewey Decimal Classification | Fiction | Footprints International School Library Network Toul Tom Poung Campus | Footprints International School Library Network Toul Tom Poung Campus | TTP Secondary Fiction Bookshelves | 05/23/2025 | PIN | 2025-1392 | 05/23/2025 | 05/23/2025 | Books |
